MARC details
| 000 -CABECERA |
| campo de control de longitud fija |
02452nam a22003017a 4500 |
| 008 - DATOS DE LONGITUD FIJA--INFORMACIÓN GENERAL |
| campo de control de longitud fija |
251028b |||||||| |||| 00| 0 eng d |
| 020 ## - NÚMERO INTERNACIONAL ESTÁNDAR DEL LIBRO |
| Número Internacional Estándar del Libro |
9782330178963 |
| 040 ## - FUENTE DE LA CATALOGACIÓN |
| Centro/agencia transcriptor |
tbs |
| 041 ## - CÓDIGO DE LENGUA |
| Código de lengua del texto/banda sonora o título independiente |
fre |
| Código de lengua original |
eng |
| 050 ## - SIGNATURA TOPOGRÁFICA DE LA BIBLIOTECA DEL CONGRESO |
| Número de clasificación |
PS3566.I372 |
| 100 ## - ENTRADA PRINCIPAL--NOMBRE DE PERSONA |
| Nombre de persona |
Picoult, Jodi |
| Fechas asociadas al nombre |
1966- |
| 9 (RLIN) |
24079 |
| Término indicativo de función/relación |
author |
| 240 ## - TÍTULO UNIFORME |
| Título uniforme |
Wish you were here. |
| Lenguaje de la obra |
French |
| 245 ## - MENCIÓN DE TÍTULO |
| Título |
J'amerais tant que tu sois là |
| Mención de responsabilidad, etc. |
/ Jodi Picoult ; Marie Chabin. |
| 260 ## - PUBLICACIÓN, DISTRIBUCIÓN, ETC. |
| Lugar de publicación, distribución, etc. |
Arles : |
| Nombre del editor, distribuidor, etc. |
Actus Sud, |
| Fecha de publicación, distribución, etc. |
2023 |
| 300 ## - DESCRIPCIÓN FÍSICA |
| Extensión |
390 pages ; |
| Dimensiones |
24 cm. |
| 520 ## - SUMARIO, ETC. |
| Sumario, etc. |
La vie de Diana est sur des rails : elle a le petit ami idéal et le job de ses rêves chez Sotheby's. À bientôt trente ans, il ne lui manque plus que la bague au doigt, et elle est presque sûre que Finn va faire sa demande pendant leur escapade aux Galápagos. Mais, réquisitionné à l'hôpital en ce début 2020, il doit rester à New York et insiste pour qu'elle profite de ce paradis sans lui.<br/>C'est donc à contrecoeur qu'elle part - et rien ne se passe comme prévu : bagage perdu, hôtel fermé, wifi inexistant, elle se retrouve coupée du monde et doit sortir de sa zone de confort.<br/>De rencontres en introspection, Diana pourrait bien réaliser que sa vie et son bonheur ne sont pas là où elle le croyait... |
| 520 ## - SUMARIO, ETC. |
| Sumario, etc. |
Diana’s life is right on track: she has the perfect boyfriend and her dream job at Sotheby’s. With thirty fast approaching, the only thing missing is a ring on her finger—and she’s almost certain Finn will propose during their getaway to the Galápagos. But when he’s called back to the hospital at the start of 2020, he has to stay in New York and urges her to enjoy the paradise without him.<br/><br/>So she reluctantly goes—and nothing goes according to plan: her luggage is lost, the hotel is closed, the Wi-Fi nonexistent. Cut off from the world, she has no choice but to step outside her comfort zone.<br/><br/>Through chance encounters and deep self-reflection, Diana may come to realize that her life—and her happiness—aren’t where she thought they were… |
| 650 #0 - PUNTO DE ACCESO ADICIONAL DE MATERIA--TÉRMINO DE MATERIA |
| Término de materia o nombre geográfico como elemento de entrada |
Art auctions |
| Subdivisión de forma |
Fiction |
| 9 (RLIN) |
26338 |
| 650 #0 - PUNTO DE ACCESO ADICIONAL DE MATERIA--TÉRMINO DE MATERIA |
| Término de materia o nombre geográfico como elemento de entrada |
Life change events |
| Subdivisión de forma |
Fiction |
| 9 (RLIN) |
24020 |
| 650 #0 - PUNTO DE ACCESO ADICIONAL DE MATERIA--TÉRMINO DE MATERIA |
| Término de materia o nombre geográfico como elemento de entrada |
Women |
| Subdivisión de forma |
Fiction |
| 9 (RLIN) |
11136 |
| 650 #0 - PUNTO DE ACCESO ADICIONAL DE MATERIA--TÉRMINO DE MATERIA |
| Término de materia o nombre geográfico como elemento de entrada |
COVID-19 Pandemic, 2020-2023 |
| Subdivisión de forma |
Fiction |
| 9 (RLIN) |
26339 |
| 650 #0 - PUNTO DE ACCESO ADICIONAL DE MATERIA--TÉRMINO DE MATERIA |
| Término de materia o nombre geográfico como elemento de entrada |
Man-woman relationships |
| Subdivisión de forma |
Fiction |
| 9 (RLIN) |
11134 |
| 650 #0 - PUNTO DE ACCESO ADICIONAL DE MATERIA--TÉRMINO DE MATERIA |
| Término de materia o nombre geográfico como elemento de entrada |
Vacations |
| Subdivisión de forma |
Fiction |
| 9 (RLIN) |
25446 |
| 651 #0 - PUNTO DE ACCESO ADICIONAL DE MATERIA--NOMBRE GEOGRÁFICO |
| Nombre geográfico |
Galapagos Islands |
| Subdivisión de forma |
Fiction |
| 9 (RLIN) |
26340 |
| 651 #0 - PUNTO DE ACCESO ADICIONAL DE MATERIA--NOMBRE GEOGRÁFICO |
| Nombre geográfico |
New York (N.Y.) |
| Subdivisión de forma |
Fiction |
| 9 (RLIN) |
24052 |
| 700 ## - ENTRADA AGREGADA--NOMBRE PERSONAL |
| Nombre de persona |
Chabin, Marie |
| 9 (RLIN) |
26341 |
| Término indicativo de función/relación |
translator |
| 942 ## - ELEMENTOS DE ENTRADA AGREGADA (KOHA) |
| Fuente del sistema de clasificación o colocación |
Clasificación de Library of Congress |